[Event "Preinscritos IRT Online"]
[Site "Chess.com INT"]
[Date "2020.12.26"]
[Round "2"]
[White "Herrera Ayala, Jorge Luis"]
[Black "Ulloa Centeno, Luis Manuel"]
[Result "1-0"]
[WhiteElo "1968"]
[BlackElo "1644"]
[PlyCount "167"]
[EventDate "2020.12.26"]
[EventType "swiss"]
[EventRounds "11"]
[EventCountry "ECU"]
[SourceTitle "CBM 200 Extra"]
[Source "ChessBase"]
[SourceDate "2021.03.31"]
[SourceVersion "1"]
[SourceVersionDate "2021.03.31"]
[SourceQuality "1"]

1. d4 f5 2. c4 Nf6 3. Nc3 e6 4. e3 c6 5. Nf3 d5 6. cxd5 cxd5 7. Be2 Nc6 8. 0-0 Bd6 9. a3 0-0 10. b4 a6 11. b5 axb5 12. Nxb5 Be7 13. a4 Bd7 14. Bb2 Ne4 15. Rc1 Nd6 16. Qb3 Na5 17. Qc2 Ndc4 18. Ne5 Nxe5 19. dxe5 Bc6 20. Rfd1 Qd7 21. Bc3 Rfc8 22. Qb2 Qe8 23. Bb4 Bxb4 24. Qxb4 Qg6 25. Nd6 Rc7 26. Bb5 Qg5 27. Bxc6 Nxc6 28. Qb6 Qe7 29. Rb1 Ra6 30. Qb3 Ra8 31. f4 h6 32. Rdc1 Qd7 33. g3 Rb8 34. Ra1 Ra8 35. Qa3 Na5 36. Qb4 Nc6 37. Qb5 Ra5 38. Qb3 Ra8 39. Ra2 Ra7 40. Rac2 Ra8 41. Qa3 Ra7 42. Nb5 Ra8 43. Nxc7 Qxc7 44. Qc5 Ra5 45. Qd6 Qb6 46. Qa3 Qa6 47. Ra2 Qb6 48. Rb2 Qa6 49. Rcb1 b6 50. Qb3 Qa8 51. Qxb6 Rxa4 52. Rc2 Ne7 53. Qb8+ Qxb8 54. Rxb8+ Kh7 55. Rb7 Ra1+ 56. Kf2 Ng6 57. Rcc7 Ra2+ 58. Ke1 Ra1+ 59. Kd2 Ra2+ 60. Kc3 Ra3+ 61. Kd4 Ra4+ 62. Kc5 Rc4+ 63. Kd6 Rxc7 64. Rxc7 Nf8 65. Rf7 Kg8 66. Rxf8+ Kxf8 67. Kxe6 g6 68. Kxd5 Kf7 69. Kd6 Kf8 70. Kd7 Kf7 71. e6+ Kf6 72. e7 g5 73. e8Q g4 74. Qe6+ Kg7 75. Qxf5 h5 76. e4 h4 77. gxh4 g3 78. hxg3 Kh8 79. Qg5 Kh7 80. e5 Kh8 81. e6 Kh7 82. e7 Kh8 83. e8Q+ Kh7 84. Qeg8# 1-0

[Event "Preinscritos IRT Online"]
[Site "Chess.com INT"]
[Date "2020.12.26"]
[Round "5"]
[White "Pazos Gambarrotti, Plinio Efrain"]
[Black "Herrera Ayala, Jorge Luis"]
[Result "1-0"]
[WhiteElo "2370"]
[BlackElo "1968"]
[PlyCount "67"]
[EventDate "2020.12.26"]
[EventType "swiss"]
[EventRounds "11"]
[EventCountry "ECU"]
[SourceTitle "CBM 200 Extra"]
[Source "ChessBase"]
[SourceDate "2021.03.31"]
[SourceVersion "1"]
[SourceVersionDate "2021.03.31"]
[SourceQuality "1"]

1. d4 c6 2. c4 d5 3. Nf3 Nf6 4. e3 Bg4 5. Nc3 e6 6. h3 Bh5 7. g4 Bg6 8. Ne5 Nbd7 9. h4 Nxe5 10. dxe5 Ne4 11. h5 Nxc3 12. bxc3 Be4 13. f3 Be7 14. fxe4 Bh4+ 15. Ke2 Qg5 16. Bh3 Rd8 17. cxd5 cxd5 18. exd5 Rxd5 19. Qa4+ b5 20. Qf4 Qd8 21. Bg2 Rd3 22. Rxh4 Rxc3 23. g5 0-0 24. Bd2 Qd3+ 25. Ke1 Rc2 26. Rd1 Rd8 27. Be4 Qc4 28. Bxc2 Qxc2 29. Qe4 Qc7 30. g6 hxg6 31. hxg6 fxg6 32. Rg4 Rf8 33. Bb4 Rf7 34. Qa8+ 1-0